الادب المقارن / (Record no. 35873)
[ view plain ]
| 000 -الفاتح | |
|---|---|
| حقل البيانات ثابتة الطول | 00686nam a2200217Ia 4500 |
| 008 - عناصر البيانات ثابتة الطول - معلومات عامة | |
| حقل البيانات ثابتة الطول | 140319s9999 xx 000 0 ara d |
| 040 ## - مصدر الفهرسة | |
| وكالة الفهرسة الأصلية | GCL / |
| وكالة النسخ | GCL |
| 082 04 - رقم تصنيف ديوى العشرى | |
| رقم التصنيف | 809 |
| رقم المادة | غ ا |
| 100 1# - المدخل الرئيسى - إسم شخصى | |
| الإسم الشخصى | هنرى زغيب |
| 245 10 - بيان العنوان | |
| العنوان | الادب المقارن / |
| بيان المسئوليه,etc | هنرى زغيب |
| 700 1# - المدخل الاضافى - اسم شخصى | |
| الإسم الشخصى | غويار، ماريوس فرنسوا |
| 250 ## - بيان الطبعة | |
| بيان الطبعة | الثانية |
| 260 ## - PUBLICATION, DISTRIBUTION, ETC. (IMPRINT) | |
| تاريخ النشر أو التوزيع | 1988 |
| 300 ## - الوصف المادى | |
| التعداد | 142 ص ؛ |
| أبعاد الوعاء | 17 سم |
| 650 04 - المدخل الاضافى بالموضوع-مصطلح موضوعى | |
| مصطلح موضوعي | الادب |
| 650 04 - المدخل الاضافى بالموضوع-مصطلح موضوعى | |
| مصطلح موضوعي | الادب المقارن |
| 650 04 - المدخل الاضافى بالموضوع-مصطلح موضوعى | |
| مصطلح موضوعي | الادب الفرنسى - تاريخ ونقد |
| 650 04 - المدخل الاضافى بالموضوع-مصطلح موضوعى | |
| مصطلح موضوعي | الادب الانجليزى المقارن |
| 942 ## - عناصر المدخل الإضافي( كوها) | |
| مصدر التصنيف او مخطط الترفيف | Dewey Decimal Classification |
| Koha [default] item type | كتاب |
| 260 ## - PUBLICATION, DISTRIBUTION, ETC. (IMPRINT) | |
| -- | بيروت : |
| -- | منشورات عويدان ، |
| حالة التراجع | حالة الفقد | حالة تلف | ليس للاعارة | المكان المؤقت | الموقع الحالى | تاريخ الاكتساب | اجمالي اﻻعارات | رقم الطلب | الباركود | تاريخ اخر مشاهدة | تاريخ تفعيل السعر | نوع وعاء كوها |
|---|---|---|---|---|---|---|---|---|---|---|---|---|
| مكتبة القاهرة الكبرى | مكتبة القاهرة الكبرى | 03/26/2014 | 809\غ ا | 87418 | 03/26/2014 | 03/26/2014 | كتاب | |||||
| مكتبة القاهرة الكبرى | مكتبة القاهرة الكبرى | 03/26/2014 | 809\غ ا | 87419 | 03/26/2014 | 03/26/2014 | كتاب |

